Seis estudios de caso en América Latina y el Caribe (Registro nro. 8469)
[ vista simple ]
| 000 -CABECERA | |
|---|---|
| Campo de control | 02087nam a22003137a 4500 |
| 005 - FECHA Y HORA DE LA ULTIMA TRANSACCION | |
| Campo de control | 20160608122644.0 |
| 008 - ELEMENTOS DE LONGITUD FIJA—INFORMACION GENERAL | |
| Campo de control | 140605b2014 ec ||||| |||| 00| 0 spa d |
| 020 ## - ISBN | |
| ISBN | 9789978993231 |
| 040 ## - FUENTE DE CATALOGACIÓN | |
| Agencia catalogadora original | CO-BoIAVH |
| Agencia transcriptora | CO-BoIAVH |
| 041 ## - IDIOMA | |
| Código de idioma para texto/pista de sonido o título separado | Español |
| 082 ## - NUMERO DE CLASIFICACION DECIMAL DEWEY | |
| Número de clasificación | 333.95 |
| Número del ítem | U33s |
| 110 1# - ASIENTO PRINCIPAL--NOMBRE CORPORATIVO | |
| Nombre corporativo o de jurisdicción como elemento de entrada | Unión Internacional para la Conservación de la Naturaleza y los Recursos Naturales |
| 245 10 - MENCION DE TITULO | |
| Título | Seis estudios de caso en América Latina y el Caribe |
| Parte restante del título | Acceso a recursos genéticos y distribución de beneficios / |
| Mención de responsabilidad | editado por Montserrat Rios y Arturo Mora |
| 260 ## - PUBLICACION, DISTRIBUCION, ETC. (PIE DE IMPRENTA) | |
| Lugar de publicación, distribución, etc. | Quito |
| Nombre del editor, distribuidor, etc. | Unión Internacional para la Conservación de la Naturaleza UICN |
| Fecha de publicación, distribución, etc. | 2013 |
| 300 ## - DESCRIPCION FISICA | |
| Extensión | 120 p. |
| Otros detalles físicos | il. (col), mapas |
| Dimensiones | 25 cm. |
| 505 ## - NOTA DE CONTENIDO | |
| Nota de contenido | Estudio de caso en Colombia: investigación sobre un microorganismo del género Lactococcus sp., Instituto de Biotecnología, Universidad Nacional de Colombia (pág 15) |
| 505 ## - NOTA DE CONTENIDO | |
| Nota de contenido | Estudio de caso en Costa Rica: Acceso a recursos genéticos, distribución justa de beneficios y análisis legal del convenio entre el Instituto Nacional de Biodiversidad de Costa Rica, Universidad Harvard y Universidad de Michigan (pág. 25) |
| 505 ## - NOTA DE CONTENIDO | |
| Nota de contenido | Estudio de caso en Cuba: El veneno del "alacrán colorado" y otros productos derivados de la diversidad vegetal (pág. 65) |
| 505 ## - NOTA DE CONTENIDO | |
| Nota de contenido | Estudio de caso en Ecuador: "Espedición de muestro oceánica global", Parque nacional Galápagos; actividades de colección y aplicación de legislación (pág. 77) |
| 505 ## - NOTA DE CONTENIDO | |
| Nota de contenido | Estudio de caso en Panamá: "International cooperative biodiversity group" (pág. 89) |
| 505 ## - NOTA DE CONTENIDO | |
| Nota de contenido | Estudio de caso en Perú: Registro de conocimientos colectivos asociados a la biodiversidad (pág. 105) |
| 505 ## - NOTA DE CONTENIDO | |
| Nota de contenido | ABS en América Latina y el Caribe:retos para los mecanismos de implementación (pág 117) |
| 650 ## - ASIENTO SECUNDARIO DE MATERIA - TERMINO TEMATICO | |
| Término temático o nombre geográfico como elemento de entrada | Recursos genéticos |
| Subdivisión de forma | estudio de caso |
| 650 ## - ASIENTO SECUNDARIO DE MATERIA - TERMINO TEMATICO | |
| Término temático o nombre geográfico como elemento de entrada | Políticas Nacionales |
| 651 ## - ASIENTO SECUNDARIO DE MATERIA - NOMBRE GEOGRAFICO | |
| Nombre geográfico | América Latina y el Caribe |
| Subdivisión de forma | estudio de caso |
| Subdivisión general | recursos genéticos |
| 700 1# - ASIENTO SECUNDARIO - NOMBRE PERSONAL | |
| Nombre personal | Rios, Motserrat |
| Término de relación | ed. |
| 700 1# - ASIENTO SECUNDARIO - NOMBRE PERSONAL | |
| Nombre personal | Mora, Arturo |
| Término de relación | ed. |
| 942 ## - ELEMENTOS ADICIONALES (KOHA) | |
| Sistema de clasificación | Dewey Decimal Classification |
| Tipo de ítem | Impreso |
| Koha issues (borrowed), all copies | 1 |
| Withdrawn status | Lost status | Sistema de Clasificación | Damaged status | No para préstamo | Colección | Inventariado | Ubicación Permanente | Ubicación actual | Fecha de adquisición | Fuente de Valor | Valor | Total Checkouts | Número topográfico | Inventario / Código de Barras | Date last seen | Date checked out | Ejemplar | Price effective from | Forma de adquisición | Tipo de material |
|---|---|---|---|---|---|---|---|---|---|---|---|---|---|---|---|---|---|---|---|---|
| Dewey Decimal Classification | General | Inventariado 2017 | Bogotá | Bogotá | 05/06/2014 | Instituto | 39000.00 | 1 | LB-333.95 U33s | 038075 | 23/10/2014 | 23/10/2014 | Ej. 1 | 05/06/2014 | Libro |